| 000 | 00438nam a2200145Ia 4500 | ||
|---|---|---|---|
| 008 | 230917s9999||||xx |||||||||||||| ||und|| | ||
| 040 |
_e97256 _aMAIN |
||
| 041 | _aEnglish | ||
| 082 | _a954.5 M294F | ||
| 100 | _aMalhotra, S L | ||
| 245 | 0 | _aFrom civil disobedience to quit India: Gandhi and the freedom movement in Punjab and Haryana 1932-1942 | |
| 260 |
_aChandigarh _bPunjab University _c1979 |
||
| 300 | _axii, 188 p. | ||
| 942 | _cBK | ||
| 999 |
_c223448 _d223448 |
||